000
00396nam a22001577a 4500
005
20251108164227.0
008
250721s1987 xx 000 0 ara d
082
1
4
_a
618.2/وحا
245
1
0
_a
الوحام /
264
1
_a
الرياض :
_b
دار المريخ،
_c
1987.
300
_a
40ص : مص
490
0
_a
دليلك سيدتي
650
1
7
_a
الحمل
942
_2
ddc
_c
BK
999
_c
6865
_d
6865